000 00785nam a2200217Ii 4500
003 JO-AjNU
008 230605s9999||||xx |||||||||||||| ||und||
017 _a1985/12/558
040 _aJO-AjNU
_bara
_erda
_cJO-AjNU
041 _aara
050 1 4 _ak7126.r3852.1984
100 3 _a الراوي، جابر ابراهيم ,
_eauthor
_946616
245 0 0 _aشرح أحكام الجنسية في القانون الأردني " دراسة مقارنة "
250 _aط1
264 3 1 _aعمان : الدار العربية ، 1984
300 _a240ص
_bيشتمل على المراجع ص ( 231 - 235 )
336 _atext
_btxt
_2rdacontent
337 _aunmediated
_bn
_2rdamedia
338 _avolume
_bnc
_2rdacarrier
650 4 _aقانون الجنسية -- الاردن
_946617
999 _aA20293
_c23861
_d23861